1353 1400 1567 1992 1894 1155 1633 1577 1129 1656 1231 1074 1396 1602 1934 1940 1002 1501 1593 1523 1534 1071 1599 1453 1992 1247 1539 1228 1623 1817 1650 1843 1095 1221 1838 1174 1422 1537 1894 1749 1098 1107 1316 1572 1166 1495 1145 1468 1683 1929 1434 1892 1348 1876 1418 1127 1620 1154 1571 1876 1116 1553 1710 1501 1711 1913 1533 2000 1232 1122 1500 1167 1484 1057 1049 1793 1304 1426 1367 1406 1357 1222 1122 1771 1098 1005 1143 1720 1496 1684 1710 1711 1823 1028 1063 1268 1754 1311 1714 BCNSPRNW ULIB Ver.6.0+V

เปลี่ยนเป็นภาษาไทย

Change to English
 แสดงรายละเอียดบรรณานุกรม
  กลับหน้าหลัก

Brief Record : Get Marc (ISO 2709) : E-mail record : QR code < ปิดหน้าต่าง
LEADER : 00000nam 2200000uu 4500
001    13399112595
003     ULIB
008    110826s2551||||th 000 0 tha d
020    9789740626619
050  4 HQ772^bS111ส 2551
110 2  ซัมซุงพับลิชิง คอมพานี
245 10 สมองซีกซ้ายพัฒนาได้ไร้ขีดจำกัด สำหรับ 5-6 ปี /^cซัมซุงพับลิชิง คอมพานี
250    พิมพ์ครั้งที่ 1
260    กรุงเทพฯ :^bนานมีบุ๊คส์พับลิเคชั่นส์ ,^c2551
300    96 หน้า :^bภาพประกอบ
945    ^p195^l0^i024690
945    ^p195^l0^i024691
995    ทศพร
999 ^a ทศพร
รายการนี้ยังไม่มีแท็ก
คุณยังไม่ได้ล็อกอิน คุณสามารถมีกิจกรรมร่วมกับเว็บไซต์ได้ แต่ต้องล็อกอินก่อน ::
  ล็อกอิน

รายการสื่อสารสนเทศ

ลำดับที่ ประเภท เลขเรียก/บาร์โค้ด สถานที่ สถานะ
- ไม่พบข้อมูล -

BibComment


ยังไม่เคยถูกคอมเมนท์

คอมเมนท์ทรัพยากรรายการนี้
  คอมเมนท์: สมองซีกซ้ายพัฒนาไ..


 Copyright 2026. Bcnsprnw @Library